LEADER 02768nam a2200253 a 4500 001 000000125864 003 CaOOAMICUS 005 20110630162305.0 008 110630s1845 fr u000 u lat r 040 $aPUL$bita 245 00$aQuinti saeculi scriptorum ecclesiasticorum qui ad s. Hieronymum usque floruerunt, nonnullis tantum exceptis, melius alibi collocandis, ut in eorum loco adnotabitur, Opera omnia, nunc primum in unum corpus et ordine chronologico digesta, juxta memoratissimas editiones Gallandii, Coustantii, Galeardi, Lebeuf, Baronii, Isidori Mercatoris, Braidae, Holstenii, Labbaei et Mansi recognita, expressa et emendata, collectio, si qua alia, insignis nec minus viginti numero auctores comprehendens, nempe: s. Phoebadium, s. Anastasium I papam, Faustum Manichaeum, Sulpicium Severum, Secundinum Manichaeum, s. Chromatium, s. Victricium Rhotomagensem, Pammachium, Oceanum, Innocentium I papam, s. Zosimum papam, Paulinum Mediolanensem, Paulinum Diaconum, Severum Majoricensem, s. Bonifacium I papam, s. Gaudentium Brixianum, s. Aurelium Carthaginensem, Bachiarium Monachum, Zacchaeum Christianum, Evagrium Monachum. 260 $aParisiis :$bvenit apud editorem,$c1845. 300 $a1212 col. ;$c28 cm 490 1 $aPatrologiae cursus completus.$aSeries prima ;$v20 500 $aTesto su due colonne. 700 1 $aMigne, Jacques Paul,$csac.,$d1800-1875.$0(OLS)http://pul/name/4478 830 0$aPatrologiae cursus completus.$pSeries prima ;$v20.$0(OLS)http://pul/title/91764 850 $aPUL 852 $aPUL$W1$xSL Cons. Gen., Altre Classi 1$y1$m2001 A 1.20$j144978$qStampati$B143987$CPULBib$Z2$F143987 $82 941 1 $a8 961 $aTimbri: Pontificio Seminario Romano - Biblioteca. 996 $6245$aQuinti saeculi scriptorum ecclesiasticorum qui ad s. Hieronymum usque floruerunt, nonnullis tantum exceptis, melius alibi collocandis, ut in eorum loco adnotabitur, Opera omnia, nunc primum in unum corpus et ordine chronologico digesta, juxta memoratissimas editiones Gallandii, Coustantii, Galeardi, Lebeuf, Baronii, Isidori Mercatoris, Braidae, Holstenii, Labbaei et Mansi recognita, expressa et emendata, collectio, si qua alia, insignis nec minus viginti numero auctores comprehendens, nempe: s. Phoebadium, s. Anastasium I papam, Faustum Manichaeum, Sulpicium Severum, Secundinum Manichaeum, s. Chromatium, s. Victricium Rhotomagensem, Pammachium, Oceanum, Innocentium I papam, s. Zosimum papam, Paulinum Mediolanensem, Paulinum Diaconum, Severum Majoricensem, s. Bonifacium I papam, s. Gaudentium Brixianum, s. Aurelium Carthaginensem, Bachiarium Monachum, Zacchaeum Christianum, Evagrium Monachum$9(OLS)http://pul/title/158833 996 $6260$aParisiis :$bvenit apud editorem$9(OLS)http://pul/publisher/50809 LEADER 01872nam a2200397 i 4500 001 000000104764 003 CaOOAMICUS 005 20101216113952.0 008 070427s2005 it 001 0 ita c 020 $a88-311-9523-9 040 $aPUG$bita$dPUL$dLDB 041 1 $aita$alat 100 0 $aOrigenes,$d184-253.$0(OLS)http://pul/name/1274 240 10$aIn Exodum homiliae.$lItaliano e latino.$0(OLS)http://pul/title/131769 245 10$aOmelie sull'Esodo = Homiliae in Exodum /$cOrigene ; a cura di Manlio Simonetti ; traduzione di Maria Ignazia Danieli = curavit Manlius Simonetti. 246 31$aHomiliae in Exodum 260 $aRoma :$bCittà Nuova,$c2005. 300 $a438 p. ;$c23 cm 490 1 $aOpere di Origene ;$v2 500 $aTesto latino con traduzione italiana a fronte 504 $aContiene riferimenti bibliografici e indici 630 04$aBiblia.$pV.T.$pExodus$xCommenti.$0(OLS)http://pul/subject/635 700 1 $aDanieli, Maria Ignazia,$etr.$0(OLS)http://pul/name/30471 700 1 $aSimonetti, Manlio,$d1926-,$eed.$0(OLS)http://pul/name/851 800 0 $aOrigenes,$d184-253.$tOpera omnia ;$v2.$0(OLS)http://pul/nameTitle/1371$0(OLS)http://pul/name/1274$0(OLS)http://pul/title/2415 830 0$aOpere di Origene ;$v2.$0(OLS)http://pul/title/131771 850 $aPUL 852 $aPUL$W1$xSL Religione 3$y85$m220. 705 ORIG 3.2$j117329$qDDC 21$B117284$CPULBib$Z2$F117284 $H100663 $82 900 $aOrigene,$d184-253$91274 900 $aOrigene,$d184-253$91274 900 $aOrigene,$d184-253$91274 941 1 $a9 996 $6020$a88-311-9523-9$9(OLS)http://pul/number/134144 996 $6246$aHomiliae in Exodum$9(OLS)http://pul/title/131772 996 $6245$aOmelie sull'Esodo = Homiliae in Exodum$9(OLS)http://pul/title/131770 996 $6260$aRoma :$bCittà Nuova$9(OLS)http://pul/publisher/47927